000 00937nam2a2200265 4500
001 RU\NLR\bibl\1858015
005 20250616181637.0
010 _a978-5-699-52618-5
_94000
021 _aRU
_b2011-3172и
035 _a(NLR Aleph) 001847933
090 _a2361906
_c2361906
100 _a20120118d2011 |||y0rusy50 ca
101 1 _arus
_cund
102 _aRU
105 _aa |||||||||
200 1 _aШаман-вундеркинд
_f[пер.: Екатерина Рябова, Кристина Огнева]
210 _d2011
_aБ. м.
215 _a184, [4] с.
_cил.
461 0 _1001RU\NLR\bibl\1874349
_12001#$aКороль-шаман$v[Кн.] 2
_92572388
_cМосква
_d2011
_fтекст и рисунок] Хироюки Такэи
_nЭксмо
_o[манга
_tКороль-шаман
_v[Кн.] 2
801 0 _aRU
_bNLR
_c20120118
_gRCR
801 1 _aRU
_bNLR
_c20120118
942 _cBOOK
980 _aNB
980 _aNBR